| 000 | 00779nam a22002297a 4500 | ||
|---|---|---|---|
| 001 | 11181 | ||
| 003 | BD-RjUL | ||
| 005 | 20211208235102.0 | ||
| 008 | 140126s1963 |||||b|||| 00| 0 eng d | ||
| 035 | _a(BD-RjUL) 11230 | ||
| 040 |
_aBD-RjUL _beng _cBD-RjUL |
||
| 041 | _aeng | ||
| 082 |
_a020.62241 _bLOO 1963 |
||
| 110 |
_aLibrary Association (Great Britain). _bReference, Special and Information Section. _934594 |
||
| 245 |
_aLooking ahead : _bproceedings of the 11th Annual Conference, Oxford, March-April, 1963 _cedited by K. J. Rider. |
||
| 260 |
_aLondon : _bThe Section, _c1963. |
||
| 300 |
_a38 p. ; _c20 cm. |
||
| 504 | _aIncludes bibliography. | ||
| 650 |
_aLibrary science -- Great Britain -- Congresses. _934592 |
||
| 700 |
_aRider, K. J. _934593 |
||
| 942 |
_2ddc _cBK |
||
| 999 |
_c11181 _d11181 |
||